Povolání vysokoškolského učitele na Chemické fakultě VUT v Brně v národním a evropském srovnání
Výskum povolania vysokoškolského učiteľa. Profesný imidž akademických pracovníkov. Prieskum v medzinárodnom kontexte. Prostredie Českej republiky. Chemická fakulta VUT v Brne. Realizácia výskumu.
Saved in:
| Main Author: | |
|---|---|
| Other Authors: | |
| Format: | Book Chapter |
| Language: | Czech |
| Subjects: | |
| Tags: |
No Tags, Be the first to tag this record!
|
MARC
| LEADER | 00000naa a2200000 4500 | ||
|---|---|---|---|
| 001 | r047803 | ||
| 005 | 20230919103811.3 | ||
| 041 | 0 | |a cze | |
| 044 | |a CZ | ||
| 245 | 1 | 0 | |a Povolání vysokoškolského učitele na Chemické fakultě VUT v Brně v národním a evropském srovnání |c Kamila Bezděková, Dana Tollingerová |
| 520 | |a Výskum povolania vysokoškolského učiteľa. Profesný imidž akademických pracovníkov. Prieskum v medzinárodnom kontexte. Prostredie Českej republiky. Chemická fakulta VUT v Brne. Realizácia výskumu. | ||
| 610 | 2 | 0 | |a učitelia |
| 610 | 2 | 0 | |a povolania |
| 610 | 2 | 0 | |a školy vysoké |
| 610 | 2 | 0 | |a kariéra |
| 610 | 2 | 0 | |a profesiografia |
| 610 | 2 | 0 | |a štúdie profesiografické |
| 610 | 2 | 0 | |a Chemická fakulta VUT v Brne |
| 100 | 1 | |a Bezděková, Kamila | |
| 700 | 1 | |a Tollingerová, Dana | |